Human art or AI-generated? - Statistics

General Stats
  • This quiz has been taken 387 times
  • The average score is 23 of 50
Answer Stats
Question Answer % Correct
AI
85%
Human
82%
AI
79%
AI
79%
AI
78%
Human
75%
Human
69%
AI
67%
AI
67%
AI
66%
Human
64%
Human
64%
Human
61%
Human
60%
Human
59%
Human
59%
AI
58%
Human
57%
Human
55%
Human
55%
AI
54%
Human
53%
Human
52%
Human
51%
AI
50%
Human
50%
AI
49%
AI
46%
Human
44%
AI
41%
Human
40%
AI
39%
AI
38%
AI
36%
Human
34%
AI
32%
Human
32%
AI
30%
Human
30%
Human
27%
AI
26%
AI
25%
AI
23%
Human
19%
AI
17%
AI
16%
AI
14%
AI
13%
Human
13%
AI
6%
No matching quizzes found
Score Distribution
Percent of People with Each Score
Percentile by Number Answered
Your Score History
You have not taken this quiz